The Ombudsman: protection for the citizen / (Record no. 2669)

MARC details
000 -LEADER
fixed length control field 00580nam a22001457a 4500
008 - FIXED-LENGTH DATA ELEMENTS--GENERAL INFORMATION
fixed length control field 121217t xxu||||| |||| 00| 0 eng d
050 ## - LIBRARY OF CONGRESS CALL NUMBER
Classification number REFERENCE
245 ## - TITLE STATEMENT
Title The Ombudsman: protection for the citizen /
Remainder of title edited by
Statement of responsibility, etc. S.O. Gyandoh
260 ## - PUBLICATION, DISTRIBUTION, ETC.
Place of publication, distribution, etc. Ghana:
Name of publisher, distributor, etc. Centre for civic education,
Date of publication, distribution, etc. c1971.
300 ## - PHYSICAL DESCRIPTION
Extent vii, 57p.
Dimensions 24cm.
505 ## - FORMATTED CONTENTS NOTE
Formatted contents note Contents: Introductory -- The Legal framework of the institution of ombudsman in Ghana -- The Expediting committee -- The Ombudsman -- The Role of the ombudsman.
650 ## - SUBJECT ADDED ENTRY--TOPICAL TERM
Topical term following geographic name entry element Ombudsman -- Ghana.
700 ## - ADDED ENTRY--PERSONAL NAME
Personal name Gyandoh, S.O.
942 ## - ADDED ENTRY ELEMENTS (KOHA)
Source of classification or shelving scheme Library of Congress Classification
Koha item type Books
Holdings
Withdrawn status Lost status Source of classification or shelving scheme Damaged status Not for loan Home library Current library Shelving location Date acquired Total Checkouts Full call number Barcode Date last seen Price effective from Koha item type
    Library of Congress Classification     WISCONSIN INTERNATIONAL UNIVERSITY COLLEGE, GHANA - MAIN LIBRARY WISCONSIN INTERNATIONAL UNIVERSITY COLLEGE, GHANA - MAIN LIBRARY AEC 17/12/2012   REFERENCE 6937/12 17/12/2012 17/12/2012 Books

If you have any concerns or questions; kindly contact the library


© Powered by WIUC ICT DIRECTORATE